000 00727nam a2200229Ia 4500
003 IN-BaIIA
008 211028s9999 xx 000 0 eng d
020 _a978-3-527-41037-8
040 _cIIA Library
080 _a524.64(082)
_bREL
245 0 _aRelativistic jets from active galactic nuclei
_cedited by Markus Bottcher, D. E. Harris and H. Krawczynski
260 _aWeinheim
_bWiley-VCH Verlag Gmbh
_c2012
300 _axvi, 406p.
650 _aActive galactic nuclei
_96209
650 _aJets
_911565
650 _aJets in AGN
_935168
650 _aThe Galaxy
_919124
700 _aBottcher, Markus, ed.
_935169
700 _aHarris, Daniel E., ed.
_935170
700 _aKrawczynski, Henric, ed.
_935171
942 _cBK
999 _c18349
_d18349